[Event "Leo_cx-2"]
[Site "http://www.queenalice.com/game.php?id=1139173"]
[Date "2013.1.10"]
[Round "3"]
[White "Rijo"]
[Black "Leo_cx"]
[Result "0-1"]
[WhiteElo "1571"]
[BlackElo "1568"]

1. e4 e5 2. Nf3 f6 3. d4 d5 4. dxe5 dxe4 5. Nd4 fxe5 6. Nb3 Qxd1+ 7. Kxd1 Bg4+
8. Be2 Bxe2+ 9. Kxe2 Nf6 10. Bg5 h6 11. Bxf6 gxf6 12. Nc3 f5 13. f3 exf3+ 14.
Kxf3 c6 15. Rhe1 Nd7 16. Rad1 Bb4 17. Re3 Rd8 18. Red3 e4+ 19. Nxe4 fxe4+ 20.
Kxe4 Rh7 21. c3 Bf8 22. Na5 Nc5+ 23. Ke3 Nxd3 24. Rxd3 Rxd3+ 25. Kxd3 Rd7+ 26.
Kc2 c5 27. g4 b6 28. Nc4 Rg7 29. h3 h5 30. gxh5 Rg2+ 31. Kb3 Rh2 32. h6 Bxh6 33.
Nd6+ Kd7 34. Nf5 Bc1 35. h4 Rxb2+ 36. Kc4 Rxa2 37. h5 Rh2 38. Ng7 Kc6 39. Kb3
Rb2+ 40. Kc4 a5 41. Nf5 a4 42. h6 Bxh6 43. Nxh6 a3 44. Nf5 a2 0-1

[Event "Desafio 2013-01-18"]
[Site "http://www.queenalice.com/game.php?id=1142274"]
[Date "2013.1.19"]
[Round "-"]
[White "Leo_cx"]
[Black "Belle1996"]
[Result "1-0"]
[WhiteElo "1542"]
[BlackElo "1092"]

1. e3 c5 2. Qh5 g6 3. Qxc5 b6 4. Qd5 e6 5. Qxa8 Qc7 6. Qe4 Nf6 7. Qd4 Bb7 8.
Qxf6 Rg8 9. Nc3 g5 10. Qd4 d6 11. Bb5+ Ke7 12. f3 d5 13. Qb4+ Kd8 14. Qd4 Bd6
15. Qf6+ Kc8 16. Qh6 f6 17. Qxf6 Nd7 18. Qxe6 Kb8 19. Qxg8+ Bc8 20. Qxh7 Nf6 21.
Qg6 Be7 22. Qxg5 Kb7 23. Nxd5 Qc5 24. Bd3 Be6 25. Ne2 Bxd5 26. Nf4 a5 27. Qg7 b5
28. b3 b4 29. Bb2 Kc6 30. Bxf6 a4 31. Bxe7 Qa5 32. Qf6+ Kb7 33. e4 axb3 34. Nxd5
b2 35. Qxb2 Qa6 36. Qxb4+ Ka7 37. Bc5+ Ka8 38. Nc7# 1-0

[Event "AUTO-INT-2536"]
[Site "http://www.queenalice.com/game.php?id=1142450"]
[Date "2013.1.19"]
[Round "1"]
[White "Ricardoabreu"]
[Black "Leo_cx"]
[Result "0-1"]
[WhiteElo "1530"]
[BlackElo "1556"]

1. b3 e6 2. Bb2 f6 3. g3 d5 4. Bg2 c6 5. e3 Ne7 6. Bh3 Na6 7. a3 e5 8. Bxc8 Qxc8
9. d4 e4 10. Nh3 Qxh3 11. Kd2 Qg2 12. Qe1 Nf5 13. Nc3 Nh6 14. h3 Qf3 15. g4 g5
16. Nd1 f5 17. gxf5 Qxf5 18. Nc3 g4 19. h4 O-O-O 20. Na4 Be7 21. Qe2 Rhf8 22.
Rh2 Bd6 23. Rg2 Qf3 24. Qf1 Rf5 25. Nc3 Rh5 26. Rg3 Bxg3 27. fxg3 Qxg3 28. Qf6
Rxh4 29. Qe6+ Kb8 30. Ne2 Qh2 31. Qe7 Rc8 32. Rf1 Ng8 33. Qg7 Qc7 34. Qe5 Qxe5
35. dxe5 Rh2 36. Rf7 Nc5 37. b4 Ne6 38. a4 g3 39. Ke1 g2 40. Kf2 Rf8 41. Rxf8+
Nxf8 42. a5 a6 43. Nd4 Nh6 44. e6 Ng8 45. Bc3 Ng6 46. Bd2 Nh4 47. Kg3 g1=Q+ 0-1

[Event "AUTO-INT-2536"]
[Site "http://www.queenalice.com/game.php?id=1142451"]
[Date "2013.1.19"]
[Round "1"]
[White "Leo_cx"]
[Black "Ricardoabreu"]
[Result "1-0"]
[WhiteElo "1524"]
[BlackElo "1586"]

1. e4 b6 2. d3 g6 3. b3 Bg7 4. c3 e6 5. g3 Bb7 6. Ne2 Nh6 7. Bg2 f5 8. Bxh6 Bxh6
9. h3 Na6 10. h4 Nc5 11. Qc2 Qe7 12. h5 O-O-O 13. c4 Qf6 14. Nbc3 d6 15. b4 Nd7
16. Rh2 Qg5 17. f4 Qf6 18. a4 Nb8 19. a5 e5 20. Qa4 Qe7 21. Nb5 Nc6 22. exf5
gxf5 23. axb6 cxb6 24. Nxa7+ Nxa7 25. Qxa7 Kc7 26. Qxb7# 1-0

[Event "AUTO-INT-2536"]
[Site "http://www.queenalice.com/game.php?id=1142466"]
[Date "2013.1.19"]
[Round "1"]
[White "AcademiaAraxaensedeXadrez"]
[Black "Leo_cx"]
[Result "1-0"]
[WhiteElo "1703"]
[BlackElo "1571"]

1. e4 e5 2. Nf3 d6 3. d4 Bg4 4. h3 Bxf3 5. Qxf3 exd4 6. Bc4 Qe7 7. O-O a6 8. e5
dxe5 9. Qxb7 Nd7 10. Qxa8+ Qd8 11. Bxf7+ Ke7 12. Qxd8+ Kxd8 13. Bxg8 Rxg8 14.
Bg5+ Be7 15. Bxe7+ Kxe7 16. Nd2 Rb8 17. b3 Rb5 18. Nc4 Rc5 19. Rfe1 Ke6 20. f4
Kd5 21. Nxe5 Nxe5 22. Rxe5+ Kd6 23. Rxc5 Kxc5 24. Re1 Kb4 25. Re7 c5 26. a4 Kc3
27. Re2 d3 28. cxd3 Kxd3 29. Kf2 Kc3 30. Re3+ Kb4 31. g4 c4 32. bxc4 Kxc4 33.
Kf3 Kb4 34. Re4+ Kc5 35. f5 Kd5 36. Kf4 a5 37. Re5+ Kd6 38. Rxa5 Ke7 39. Ke5 Kf7
40. Ra7+ Kg8 41. f6 gxf6+ 42. Kxf6 h6 43. h4 h5 44. g5 Kf8 45. Ra8# 1-0

[Event "AUTO-INT-2536"]
[Site "http://www.queenalice.com/game.php?id=1142467"]
[Date "2013.1.19"]
[Round "1"]
[White "Leo_cx"]
[Black "AcademiaAraxaensedeXadrez"]
[Result "0-1"]
[WhiteElo "1560"]
[BlackElo "1710"]

1. e4 d5 2. exd5 Nf6 3. c4 b5 4. cxb5 Nxd5 5. Qf3 Bb7 6. Bc4 e6 7. Nc3 Bb4 8.
Nxd5 Bxd5 9. Bxd5 Qxd5 10. Qxd5 exd5 11. a4 O-O 12. b3 Re8+ 13. Kd1 Nd7 14. Ba3
Bxa3 15. Rxa3 Nf6 16. Nh3 a6 17. bxa6 Rxa6 18. b4 h6 19. a5 Re4 20. b5 Ra8 21.
a6 Rb4 22. Re1 Kf8 23. Nf4 Rxb5 24. Re5 c6 25. h4 Rb6 26. f3 Raxa6 27. Rxa6 Rxa6
28. g4 Ra4 29. g5 Rxf4 30. gxf6 Rxf6 31. Re3 Rf4 32. Rc3 Rxh4 33. Rxc6 Ke7 34.
Rc7+ Ke6 35. Ke2 g5 36. Kf2 Rh2+ 37. Ke3 f5 38. f4 gxf4+ 39. Kxf4 Kd6 40. Rh7
Ke6 41. d3 d4 42. Kg3 Rh5 43. Kf4 Kf6 44. Rh8 Rh3 45. Rf8+ Ke6 46. Rxf5 Rf3+ 47.
Kxf3 Kxf5 48. Ke2 Kf4 49. Kd2 Kf3 50. Kc2 Ke2 51. Kb3 Kxd3 52. Kb4 Kc2 53. Kc4
d3 54. Kd4 d2 55. Ke5 d1=Q 56. Kf5 Kd3 57. Kg6 Ke4 58. Kxh6 Qg4 59. Kh7 Kf5 60.
Kh8 Kf6 61. Kh7 Qg7# 0-1

[Event "AUTO-INT-2536"]
[Site "http://www.queenalice.com/game.php?id=1142476"]
[Date "2013.1.19"]
[Round "1"]
[White "coutovet"]
[Black "Leo_cx"]
[Result "0-1"]
[WhiteElo "1654"]
[BlackElo "1587"]

1. e4 e5 2. Nf3 d6 3. h3 g5 4. d4 f6 5. dxe5 dxe5 6. a3 Be7 7. Bd3 g4 8. hxg4
Bxg4 9. Be3 Bxf3 10. Qxf3 b6 11. Qh5+ Kd7 12. Qf5+ Kc6 13. Nc3 a6 14. O-O-O b5
15. Bxb5+ axb5 16. Rxd8 Bxd8 17. Qe6+ Kb7 18. Nxb5 Ra6 19. Qd5+ Nc6 20. Rd1 Ne7
21. Qb3 Kc8 22. g3 Rg8 23. Bc5 Rg4 24. Qe6+ Kb7 25. Qxg4 Ra5 26. Rxd8 Nxd8 27.
Bxe7 Nc6 28. Nxc7 Kxc7 29. Bxf6 Ra4 30. Qg7+ Kd6 31. Qxh7 Rd4 32. c3 Rd3 33. Qg6
Kc5 34. Qf5 Kc4 35. Qe6+ Kb5 36. Bxe5 Rf3 0-1

[Event "AUTO-INT-2536"]
[Site "http://www.queenalice.com/game.php?id=1142477"]
[Date "2013.1.19"]
[Round "1"]
[White "Leo_cx"]
[Black "coutovet"]
[Result "1-0"]
[WhiteElo "1596"]
[BlackElo "1702"]

1. e4 e5 2. c4 Bc5 3. g3 Nf6 4. d3 c6 5. a3 d5 6. cxd5 cxd5 7. Be3 dxe4 8. Bxc5
b6 9. Be3 Bb7 10. Bg2 O-O 11. d4 Nc6 12. Ne2 exd4 13. Bxd4 Re8 14. O-O Nxd4 15.
Nxd4 Rb8 16. Nc3 g6 17. Re1 a6 18. Re3 Ng4 19. Bxe4 Nxe3 20. fxe3 Bxe4 21. Qg4
f5 22. Qf4 Kg7 23. Rd1 Qc8 24. h3 Qc5 25. g4 b5 26. a4 b4 27. Nce2 Qe5 28. Qxe5+
Rxe5 29. Rc1 Rb6 30. Rc7+ Kh6 31. Kf2 b3 32. Kg3 Rb4 33. Kf4 Rd5 34. g5+ 1-0

[Event "Challenge"]
[Site "http://www.queenalice.com/game.php?id=1143123"]
[Date "2013.1.21"]
[Round "-"]
[White "zmanomega"]
[Black "Leo_cx"]
[Result "1-0"]
[WhiteElo "1535"]
[BlackElo "1616"]

1. d4 d5 2. c3 c6 3. Nf3 e6 4. Ne5 Bd6 5. Nxf7 Kxf7 6. e3 Qh4 7. g3 Qf6 8. f4
Qf5 9. Bd3 Qh3 10. Bf1 Qf5 11. Bd3 Qf6 12. Nd2 h6 13. Nf3 Nd7 14. h4 h5 15. Ng5+
Ke8 16. e4 dxe4 17. Nxe4 Qe7 18. Ng5 a5 19. Bg6+ Kd8 20. Nf7+ Kc7 21. Nxh8 Nh6
22. Bxh5 Nf5 23. Qd3 b6 24. Ng6 Qf7 25. a4 Ba6 26. Qc2 Nxg3 27. Bf3 Nxh1 28.
Bxh1 Nf6 29. c4 Nh5 30. Be3 Bxf4 31. Bxf4+ Nxf4 32. h5 Nxh5 33. O-O-O Rd8 34.
Qe4 Rd6 35. Ne5 Qe8 36. c5 bxc5 37. dxc5 Rd5 38. Bf3 Ng3 39. Qf4 Nf5 40. Bxd5
cxd5 41. c6 Nd6 42. b3 Qh5 43. Nd3 Bxd3 44. Rxd3 Qf5 45. Qxf5 exf5 46. Rxd5 Kxc6
47. Rxa5 f4 48. Kd1 f3 49. Ra6+ Kc5 50. Ke1 Ne4 51. Ra8 g5 52. Re8 Kd4 53. a5 g4
54. a6 g3 55. Rd8+ Ke3 56. Kf1 Nd2+ 57. Rxd2 Kxd2 58. a7 g2+ 59. Kf2 g1=Q+ 60.
Kxg1 Ke2 61. Kh2 f2 62. a8=Q f1=Q 63. Qa6+ Kf2 64. Qxf1+ Kxf1 65. b4 Ke2 66. b5
Kd3 67. b6 Kc4 68. b7 Kc5 69. b8=Q Kc6 70. Qe8+ Kd6 71. Kg2 Kd5 72. Kf2 Kd4 73.
Ke2 Kd5 74. Kd3 Kc5 75. Qd7 Kb4 76. Qc6 Kb3 77. Qc4+ Kb2 78. Qb4+ Kc1 79. Qd2+
Kb1 80. Kc3 Ka1 81. Qb2# 1-0

[Event "AUTO-INT-2537"]
[Site "http://www.queenalice.com/game.php?id=1143397"]
[Date "2013.1.21"]
[Round "1"]
[White "Leo_cx"]
[Black "GiulioTorino"]
[Result "1-0"]
[WhiteElo "1544"]
[BlackElo "1747"]

1. e4 Nc6 2. c3 e5 3. Nf3 d6 4. d4 exd4 5. cxd4 Bg4 6. Bc4 Qf6 7. d5 Bxf3 8.
gxf3 Nd4 9. Be2 Ne7 10. Nc3 c6 11. Be3 c5 12. f4 g6 13. Qd2 Bh6 14. e5 dxe5 15.
fxe5 Bxe3 16. fxe3 Nf3+ 17. Bxf3 Qxf3 18. Rf1 Qh5 19. e6 fxe6 20. dxe6 Rd8 21.
Qf2 Qf5 22. Qxf5 Nxf5 23. Ne4 Nxe3 24. Ke2 Nxf1 25. Rxf1 Ke7 26. Nxc5 b6 27.
Rf7+ Ke8 28. Ne4 Rf8 29. Nf6# 1-0

[Event "AUTO-INT-2537"]
[Site "http://www.queenalice.com/game.php?id=1143398"]
[Date "2013.1.21"]
[Round "1"]
[White "GiulioTorino"]
[Black "Leo_cx"]
[Result "1-0"]
[WhiteElo "1740"]
[BlackElo "1550"]

1. e4 e5 2. Bc4 Nh6 3. Nf3 f6 4. d4 exd4 5. Bxh6 gxh6 6. Qxd4 d6 7. Qd5 Qe7 8.
O-O c6 9. Qd3 b5 10. Bb3 Bg7 11. Nh4 f5 12. Nxf5 Bxf5 13. exf5 Bxb2 14. Nc3 Bxa1
15. Rxa1 Na6 16. Qd2 Qf6 17. Be6 Rd8 18. Re1 Kf8 19. Ne4 Qb2 20. Qa5 Nc7 21.
Qxc7 Ke8 22. Qf7# 1-0

[Event "AUTO-INT-2537"]
[Site "http://www.queenalice.com/game.php?id=1143399"]
[Date "2013.1.21"]
[Round "1"]
[White "Leo_cx"]
[Black "gladstone"]
[Result "0-1"]
[WhiteElo "1575"]
[BlackElo "1565"]

1. e3 e5 2. Qh5 Nc6 3. Bb5 Nf6 4. Qe2 Be7 5. Bxc6 dxc6 6. c4 Bf5 7. d3 Bxd3 8.
Qd2 Ne4 9. Qd1 Bb4+ 10. Bd2 Bxb1 11. Qxb1 Qxd2+ 12. Kf1 Qxf2# 0-1

[Event "AUTO-INT-2537"]
[Site "http://www.queenalice.com/game.php?id=1143400"]
[Date "2013.1.21"]
[Round "1"]
[White "gladstone"]
[Black "Leo_cx"]
[Result "1-0"]
[WhiteElo "1580"]
[BlackElo "1575"]

1. e4 e5 2. Nf3 d6 3. d4 f6 4. dxe5 fxe5 5. Nxe5 dxe5 6. Qh5+ Kd7 7. Qxe5 Qe7 8.
Qb5+ c6 9. Qd3+ Ke8 10. Nc3 b5 11. Be2 Na6 12. Be3 c5 13. Qd5 Bb7 14. Bxb5+ Bc6
15. Bxc6+ Qd7 16. Qxd7# 1-0

[Event "AUTO-INT-2537"]
[Site "http://www.queenalice.com/game.php?id=1143401"]
[Date "2013.1.21"]
[Round "1"]
[White "Leo_cx"]
[Black "oratio"]
[Result "0-1"]
[WhiteElo "1597"]
[BlackElo "1453"]

1. e3 d5 2. d4 c5 3. dxc5 e6 4. b4 Nc6 5. a3 Nf6 6. Bb5 Be7 7. Bxc6+ bxc6 8. Qd4
O-O 9. Ne2 Ba6 10. Nec3 Qc7 11. a4 Rab8 12. Na3 e5 13. Qd1 d4 14. exd4 exd4 15.
Qxd4 Rbd8 16. Qe3 Ng4 17. Qe2 Bxe2 18. Nxe2 Qe5 19. Rb1 Qf5 20. f3 Bh4+ 21. g3
Qxf3 22. Rf1 Qg2 23. Rb3 Nxh2 24. Rbf3 Nxf3+ 25. Rxf3 Rfe8 26. Rf2 Qxg3 27. Bf4
Qxf2# 0-1

[Event "AUTO-INT-2537"]
[Site "http://www.queenalice.com/game.php?id=1143402"]
[Date "2013.1.21"]
[Round "1"]
[White "oratio"]
[Black "Leo_cx"]
[Result "0-1"]
[WhiteElo "1473"]
[BlackElo "1575"]

1. e4 e5 2. Nf3 d6 3. Bc4 Be6 4. Bxe6 fxe6 5. d4 exd4 6. Qxd4 e5 7. Qd3 Nd7 8.
O-O Qe7 9. Nc3 O-O-O 10. Bg5 Qf7 11. Bxd8 Kxd8 12. Ng5 Qe7 13. Qg3 h6 14. Nd5
Qxg5 15. Qc3 c6 16. Qa5+ Nb6 17. Qxa7 Nxd5 18. exd5 cxd5 19. Qb6+ Ke7 20. Qxb7+
Ke6 21. Qc8+ Ke7 22. Rad1 d4 23. Qc7+ Ke6 24. Qc4+ Kf6 25. c3 h5 26. f4 exf4 27.
Qxd4+ Kg6 28. Rxf4 Nf6 29. Rdf1 Be7 30. Qd3+ Kh6 31. Rf5 Qg6 32. Qe3+ Kh7 33.
Qxe7 Re8 34. Qxd6 Re2 35. g3 h4 36. Rxf6 gxf6 37. Qd7+ Kh6 38. b4 hxg3 39. Qh3+
Kg7 40. b5 gxh2+ 41. Kh1 Qe4+ 42. Qg2+ Rxg2 0-1

[Event "Desafio 2013-01-29"]
[Site "http://www.queenalice.com/game.php?id=1146729"]
[Date "2013.1.29"]
[Round "-"]
[White "Leo_cx"]
[Black "pride"]
[Result "1-0"]
[WhiteElo "1584"]
[BlackElo "1484"]

1. e3 e5 2. Qh5 Nf6 3. Qxe5+ Be7 4. b3 Nc6 5. Qb5 Bb4 6. a3 a6 7. Qc4 b5 8. Qe2
Qe7 9. axb4 Nxb4 10. Na3 Nfd5 11. c3 Nc2+ 12. Nxc2 Bb7 13. c4 bxc4 14. bxc4 Nf6
15. Rb1 Bc6 16. Nf3 Qe4 17. Rb2 Qe5 18. Nxe5 1-0

[Event "Challenge"]
[Site "http://www.queenalice.com/game.php?id=1155797"]
[Date "2013.2.26"]
[Round "-"]
[White "Leo_cx"]
[Black "Martial"]
[Result "1-0"]
[WhiteElo "1603"]
[BlackElo "1408"]

1. e3 e5 2. Qh5 Nc6 3. Bc4 g6 4. Qf3 Nf6 5. a3 Bc5 6. b4 Bd6 7. e4 O-O 8. d3 Nd4
9. Qd1 b5 10. Bd5 Nxd5 11. exd5 c6 12. Bb2 cxd5 13. Nf3 Nc6 14. O-O Re8 15. Nc3
d4 16. Nxb5 Be7 17. Qe2 Ba6 18. a4 Nxb4 19. Nxe5 Bxb5 20. axb5 Bd6 21. f4 Rc8
22. Rfc1 f6 23. Bxd4 fxe5 24. fxe5 Bc5 25. Bxc5 Rxc5 26. d4 Rd5 27. c3 Qa5 28.
Rxa5 a6 29. Rxa6 Re6 30. Rxe6 dxe6 31. b6 Nc6 32. Qc4 Na5 33. Qc8+ Kg7 34. Qxe6
Rb5 35. Rf1 Nb3 36. Qd7+ Kh6 37. Qxb5 Nd2 38. b7 Nxf1 39. Kxf1 1-0

[Event "Leo_cx-2"]
[Site "http://www.queenalice.com/game.php?id=1175903"]
[Date "2013.4.27"]
[Round "4"]
[White "Leo_cx"]
[Black "fflores"]
[Result "0-1"]
[WhiteElo "1611"]
[BlackElo "1707"]

1. e3 e5 2. Qh5 d6 3. Bc4 g6 4. Qf3 Qf6 5. Qxf6 Nxf6 6. Nf3 d5 7. Bb5+ c6 8. Be2
e4 9. Nd4 Bc5 10. a3 O-O 11. O-O Bg4 12. Bxg4 Nxg4 13. h3 Ne5 14. f4 exf3 15.
gxf3 f5 16. f4 Nc4 17. Ne6 Nd7 18. Nxf8 Kxf8 19. b3 Nd6 20. b4 Bb6 21. Bb2 Nc4
22. Bc3 Re8 23. Re1 d4 24. Bxd4 Bxd4 25. Ra2 Bf6 26. d3 Nxe3 27. Kf2 Bh4+ 28.
Ke2 Nd5+ 29. Kd1 Rxe1+ 30. Kd2 Rxb1 31. c4 Be1+ 32. Kc2 Nc3 33. a4 Nxa2 34. Kxb1
Nxb4 35. Kc1 Nxd3+ 36. Kd1 Bb4 37. Ke2 Nxf4+ 38. Ke3 Nxh3 39. Kd4 c5+ 40. Kd5
Ke7 41. a5 Nf4# 0-1

[Event "Leo_cx-2"]
[Site "http://www.queenalice.com/game.php?id=1208737"]
[Date "2013.8.16"]
[Round "5"]
[White "Philchess"]
[Black "Leo_cx"]
[Result "1-0"]
[WhiteElo "1679"]
[BlackElo "1599"]

1. d4 c6 2. c4 Qa5+ 3. Bd2 Qc7 4. e3 f5 5. Nf3 e6 6. g3 g6 7. b3 a6 8. Nc3 Be7
9. Bg2 g5 10. O-O g4 11. Ne5 Bf6 12. e4 Bxe5 13. dxe5 Qxe5 14. Bf4 Qxc3 15. exf5
exf5 16. Re1+ Ne7 17. Be5 Qa5 18. Bxh8 Qa3 19. Bf6 Kf7 20. Bxe7 Qb2 21. Bd6 a5
22. Be5 Qa3 23. Qd3 1-0

[Event "AUTO-INT-2775"]
[Site "http://www.queenalice.com/game.php?id=1239866"]
[Date "2013.12.13"]
[Round "1"]
[White "ajr"]
[Black "Leo_cx"]
[Result "1-0"]
[WhiteElo "1651"]
[BlackElo "1623"]

1. d4 d5 2. Nc3 c6 3. h3 g6 4. Bf4 Nd7 5. Nf3 Qb6 6. Na4 Qb4+ 7. c3 Qa5 8. b4
Qd8 9. e3 Ngf6 10. Nc5 Nxc5 11. dxc5 1-0

[Event "AUTO-INT-2775"]
[Site "http://www.queenalice.com/game.php?id=1239867"]
[Date "2013.12.13"]
[Round "1"]
[White "Leo_cx"]
[Black "ajr"]
[Result "0-1"]
[WhiteElo "1608"]
[BlackElo "1666"]

1. e3 d5 2. Qf3 Nf6 3. Nc3 Bg4 4. Qg3 a6 5. h3 Bd7 6. d4 e6 7. f4 Bb4 8. Qxg7
Bxc3+ 9. bxc3 Rg8 10. Qh6 Ke7 0-1